Paroles - Savoir Aimer - Florent Pagny - Statistiques

Statistiques générales
  • Ce quiz a été pris 1 622 fois
  • Le résultat moyen est 200 sur 262
Statistiques - réponses
Réponse % Correct
a
100%
à
100%
aimé
99%
Savoir
99%
savoir
99%
aimer
97%
sans
96%
le
94%
rien
94%
se
94%
et
93%
ne
93%
pas
93%
qui
93%
sourire
93%
un
93%
une
92%
apprendre
91%
attendre
91%
de
90%
passe
90%
passé
90%
en
89%
inconnue
89%
donne
87%
pour
87%
que
87%
retour
86%
tout
85%
ce
84%
donner
84%
faire
84%
les
84%
prendre
84%
du
83%
geste
83%
aller
82%
ni
82%
reste
82%
s'en
82%
trace
79%
vivre
79%
vouloir
79%
aucune
78%
amour
77%
plaisir
76%
la
75%
grand
74%
même
74%
celle
73%
mais
72%
d'être
70%
garder
70%
qu'apprendre
70%
reprendre
70%
sinon
68%
l'espoir
67%
n'en
67%
par
62%
comme
57%
on
51%
bonheur
50%
erreur
50%
plus
50%
qu'on
50%
y
49%
plein
47%
égard
46%
gouter
46%
vous
46%
ses
40%
l'attendait
37%
mourir
37%
relever
37%
souffrir
34%
sur
34%
cendres
32%
renaît
32%
yeux
32%
croire
31%
demi-mesure
31%
deux
31%
tant
31%
avec
30%
fermant
30%
peur
30%
qu'en
30%
armure
29%
murmure
29%
rester
29%
rêver
29%
vide
29%
bout
28%
jusqu'au
28%
malgré
28%
silence
28%
miroirs
27%
tire
27%
trait
27%
ternissent
25%
d'amour
24%
revendre
24%
voir
23%
rature
22%
autant
21%
tromper
20%
rides
18%
défense
16%
ancrée
9%
Aucun quiz correspondant
Distribution des résultats
% des personnes avec chaque résultat
Percentile par nombre de réponses
Votre historique - résultats
Vous n’avez pas pris ce quiz